000 00297nam a22001217a 4500
999 _c2415
_d2415
005 20200914151812.0
008 200914b ||||| |||| 00| 0 eng d
020 _a0028229967
040 _cCML
245 _aWorld Geography.
_cBoehm, R.G.
260 _aNew York
_bMcGraw-Hill
_c1995
942 _2ddc
_cBK